000 00543nam a2200193Ia 4500
008 151121s9999||||xx |||||||||||||| ||und||
082 _a813-/भावे
082 _bHNW-14035
100 _aभावे पु।भा।
245 _aवैरी
260 _b"सुविचार प्रकाशन, पुणे।"
260 _c--
300 _a139
600 _aभावे पु।भा।
630 _aवैरी
700 _aभावे पु।भा।
730 _aवैरी
942 _cBOOK
999 _c1217842
_d1217839